<?xml version="1.0" encoding="UTF-8"?>
<record
    xmlns:xsi="http://www.w3.org/2001/XMLSchema-instance"
    xsi:schemaLocation="http://www.loc.gov/MARC21/slim http://www.loc.gov/standards/marcxml/schema/MARC21slim.xsd"
    xmlns="http://www.loc.gov/MARC21/slim">

  <leader>01034nam a2200253 i 4500</leader>
  <controlfield tag="001">148609</controlfield>
  <controlfield tag="003">ES-MaACL</controlfield>
  <controlfield tag="005">20250812221538.0</controlfield>
  <controlfield tag="007">t|</controlfield>
  <controlfield tag="008">070214s1968    sp a    r    ||||1| spa d</controlfield>
  <datafield tag="080" ind1=" " ind2=" ">
    <subfield code="a">551.466:627</subfield>
  </datafield>
  <datafield tag="080" ind1=" " ind2=" ">
    <subfield code="a">532.5:627</subfield>
  </datafield>
  <datafield tag="100" ind1="1" ind2=" ">
    <subfield code="a">Su&#xE1;rez Bores, J.</subfield>
    <subfield code="9">108589</subfield>
  </datafield>
  <datafield tag="245" ind1="1" ind2="0">
    <subfield code="a">Acci&#xF3;n del oleaje sobre las estructuras exteriores / </subfield>
    <subfield code="c">J. Su&#xE1;rez Bores.</subfield>
  </datafield>
  <datafield tag="260" ind1=" " ind2=" ">
    <subfield code="a">Madrid : </subfield>
    <subfield code="b">Centro de Estudios y Experimentaci&#xF3;n de Obras P&#xFA;blicas, Laboratorio de Puertos, </subfield>
    <subfield code="c">1968.</subfield>
  </datafield>
  <datafield tag="300" ind1=" " ind2=" ">
    <subfield code="a">68 p. : </subfield>
    <subfield code="b">il. ; </subfield>
    <subfield code="c">27 cm.</subfield>
  </datafield>
  <datafield tag="490" ind1="1" ind2=" ">
    <subfield code="a">Centro de Estudios y Experimentaci&#xF3;n de Obras P&#xFA;blicas. Laboratorio de Puertos ; </subfield>
    <subfield code="v">7-B</subfield>
  </datafield>
  <datafield tag="504" ind1=" " ind2=" ">
    <subfield code="a">Bibliograf&#xED;a: p. 63-68.</subfield>
  </datafield>
  <datafield tag="650" ind1=" " ind2="4">
    <subfield code="a">Olas.</subfield>
    <subfield code="9">144225</subfield>
  </datafield>
  <datafield tag="710" ind1="2" ind2=" ">
    <subfield code="a">Centro de Estudios y Experimentaci&#xF3;n de Obras P&#xFA;blicas. </subfield>
    <subfield code="b">Laboratorio de Puertos (Espa&#xF1;a)</subfield>
    <subfield code="9">2687</subfield>
  </datafield>
  <datafield tag="830" ind1="0" ind2="0">
    <subfield code="a">Centro de Estudios y Experimentaci&#xF3;n de Obras P&#xFA;blicas. </subfield>
    <subfield code="p">Laboratorio de Puertos</subfield>
    <subfield code="v">7-B</subfield>
    <subfield code="9">189888</subfield>
  </datafield>
  <datafield tag="852" ind1=" " ind2=" ">
    <subfield code="a">ES-MaACL</subfield>
    <subfield code="j">2277-F-7 </subfield>
    <subfield code="x">Olim P-1412</subfield>
  </datafield>
  <datafield tag="999" ind1=" " ind2=" ">
    <subfield code="c">148609</subfield>
    <subfield code="d">148609</subfield>
  </datafield>
  <datafield tag="952" ind1=" " ind2=" ">
    <subfield code="0">0</subfield>
    <subfield code="1">0</subfield>
    <subfield code="4">0</subfield>
    <subfield code="7">0</subfield>
    <subfield code="8">Colecci&#xF3;n_de_folletos</subfield>
    <subfield code="a">ATENEOM</subfield>
    <subfield code="b">ATENEOM</subfield>
    <subfield code="c">DEPOF</subfield>
    <subfield code="d">2010-12-09</subfield>
    <subfield code="e">DON</subfield>
    <subfield code="l">0</subfield>
    <subfield code="o">2277-F-7</subfield>
    <subfield code="p">1184834</subfield>
    <subfield code="r">2023-02-23 00:00:00</subfield>
    <subfield code="w">2023-02-23</subfield>
    <subfield code="y">FOLLETOS</subfield>
  </datafield>
</record>
